000 00723nam a2200253Ia 4500
003 OSt
005 20221005033133.0
006 a|||||r|||| 00| 0
007 ta
008 221004b |||||||| |||| 00| 0 urd d
020 _cINR 150.00
024 _a65612
037 _b2393, 29/02/2020, M.R.Publications
_cTextual
040 _aCRL
_cCRL
_burd
041 _2urd
_aurd
082 _aO168,6:g, Q5
100 _aJar Jafer Au.
_9585885
245 0 _aFikr-o-agahi
260 _aDelhi
_bArshia publications India
_c2015
300 _a112p.
_ccm.
650 _aURDU PROSE
_926866
942 _hO168,6:g, Q5
_cTEXL
_2cc
999 _c940983
_d940983